000 00271nam a22001217a 4500
008 180208b xxu||||| |||| 00| 0 eng d
041 _aeng
080 _a37
100 _a48
101 _aEDU
245 _aTHE STUDENT TEACHWERS GUIDE
_cSTEPHEN.B.M
942 _2udc
_cBK
999 _c42054
_d42054